Podpora klastrov vo vybraných krajinách

Enregistré dans:
Détails bibliographiques
Auteur principal: Duľová Spišáková, Emília, 1983-
Format: Chapitre de livre
Langue:slovaque
Tags: Ajouter un tag
Pas de tags, Soyez le premier à ajouter un tag!

MARC

LEADER 00000nla a2200000 4500
001 0224903
005 20240502073701.9
041 0 |a slo 
044 |a SK 
245 1 0 |a Podpora klastrov vo vybraných krajinách  |c Emília Duľová Spišáková 
500 |a Abstrakt 
100 1 |a Duľová Spišáková, Emília, 1983-